Central Library OPAC University of Rajshahi

American humor : (Record no. 65336)

MARC details
000 -LEADER
fixed length control field 00772nam a2200241 a 4500
001 - CONTROL NUMBER
control field 65336
003 - CONTROL NUMBER IDENTIFIER
rucl marc code BD-RjUL
005 - DATE AND TIME OF LATEST TRANSACTION
control field 20211209081418.0
008 - FIXED-LENGTH DATA ELEMENTS--GENERAL INFORMATION
fixed length control field 170304s1931 nyu b 001 0 eng
035 ## - SYSTEM CONTROL NUMBER
System control number (BD-RjUL)65466
040 ## - CATALOGING SOURCE
Original cataloging agency DLC
Transcribing agency YNG
Modifying agency BD-RjUL
Language of cataloging eng
041 ## - LANGUAGE CODE
Language code of text/sound track or separate title eng
082 ## - DEWEY DECIMAL CLASSIFICATION NUMBER
Classification number 817.09
Edition number 23
Author mark and year ROA 1931
100 1# - MAIN ENTRY--PERSONAL NAME
Personal name Rourke, Constance,
Dates associated with a name 1885-1941.
9 (RLIN) 193387
245 10 - TITLE STATEMENT
Title American humor :
Remainder of title a study of the national character /
Statement of responsibility, etc. by Constance Rourke.
260 ## - PUBLICATION, DISTRIBUTION, ETC. (IMPRINT)
Place of publication, distribution, etc. New York :
Name of publisher, distributor, etc. Harcourt, Brace and Company,
Date of publication, distribution, etc. c1931.
300 ## - PHYSICAL DESCRIPTION
Pagination x, 253 p. ;
Size 18 cm.
500 ## - GENERAL NOTE
General note Includes index.
650 #0 - SUBJECT ADDED ENTRY--TOPICAL TERM
Topical term or geographic name as entry element American wit and humor
General subdivision History and criticism.
9 (RLIN) 193388
Topical term or geographic name as entry element American literature
General subdivision History and criticism.
9 (RLIN) 185062
942 ## - ADDED ENTRY ELEMENTS (KOHA)
Source of classification or shelving scheme Dewey Decimal Classification
Koha item type Books
Holdings
Lost status Source of classification or shelving scheme Damaged status Not for loan Collection code Permanent Location Current Location Shelving location Date acquired Source of acquisition Cost, normal purchase price Total Checkouts Full call number Date last seen Copy number Koha item type
  Dewey Decimal Classification   Not For Loan Non-fiction Central Library, University of Rajshahi Central Library, University of Rajshahi Reading Room 11/09/1990 Sowkot osman 0.00   817.09 ROA 1931 04/03/2017 C-1 Books
  Dewey Decimal Classification     Non-fiction Central Library, University of Rajshahi Central Library, University of Rajshahi   20/02/2020       817.09 ROA 1931 20/02/2020 C-2 Books